Sesión pública celebrada el día 6 de octubre de 1890 con motivo de la apertura del curso académico de 1890 a 1891 de la Escuela Ovetense de Artes y Oficios y distribución de premios a los alumnos más distinguidos de la misma. (Record no. 53369)

MARC details
000 -LEADER
campo de control de longitud fija 01206nam a2200229 i 4500
001 - NÚMERO DE CONTROL
campo de control 53369
003 - IDENTIFICADOR DE NÚMERO DE CONTROL
campo de control ES-MaACL
005 - FECHA Y HORA DE LA ÚLTIMA TRANSACCIÓN
campo de control 20230906162743.0
007 - CAMPO FIJO DE DESCRIPCIÓN FÍSICA--INFORMACIÓN GENERAL
campo de control de longitud fija t|
008 - DATOS DE LONGITUD FIJA--INFORMACIÓN GENERAL
campo de control de longitud fija 931025s1890 sp |||| | spa d
110 2# - ENTRADA PRINCIPAL--NOMBRE DE ENTIDAD CORPORATIVA
Nombre de entidad corporativa o nombre de jurisdicción como elemento de entrada Sociedad Económica de Amigos del País de Asturias.
9 (RLIN) 165754
245 10 - MENCIÓN DEL TÍTULO
Título Sesión pública celebrada el día 6 de octubre de 1890 con motivo de la apertura del curso académico de 1890 a 1891 de la Escuela Ovetense de Artes y Oficios y distribución de premios a los alumnos más distinguidos de la misma.
260 ## - PUBLICACIÓN, DISTRIBUCIÓN, ETC.
Lugar de publicación, distribución, etc. Oviedo :
Nombre del editor, distribuidor, etc. Sociedad Económica Asturiana de Amigos del País,
Fecha de publicación, distribución, etc. 1890 (
Fabricante Est. Tip. de Vicente Brid)
300 ## - DESCRIPCIÓN FÍSICA
Extensión 28, [4] p. ;
Dimensiones 25 cm.
505 8# - NOTA DE CONTENIDO CON FORMATO
Nota de contenido con formato Contiene: Memoria leída por el vicesecretario de la Sociedad Económica Asturiana de Amigos del País D. Adolfo A. Buylla y G. Alegre . Discurso... por Aureliano Escotet y Díaz-Posada [tema: La cuestión social]
650 #4 - PUNTO DE ACCESO ADICIONAL DE MATERIA--TÉRMINO DE MATERIA
Término de materia o nombre geográfico como elemento de entrada Problemas sociales-
Subdivisión geográfica España.
9 (RLIN) 170568
700 1# - ENTRADA AGREGADA--NOMBRE PERSONAL
Nombre de persona Buylla y González Alegre, Adolfo A.,
Fechas asociadas al nombre 1850-1927
9 (RLIN) 32991
700 1# - ENTRADA AGREGADA--NOMBRE PERSONAL
Nombre de persona Escotet y Díaz-Posada, Aureliano.
9 (RLIN) 47622
710 2# - ENTRADA AGREGADA--NOMBRE DE ENTIDAD CORPORATIVA
Nombre de entidad corporativa o nombre de jurisdicción como elemento de entrada Escuela de Arte de Oviedo.
9 (RLIN) 165755
852 ## - LOCALIZACIÓN
Ubicación ES-MaACL
Número de control de estantería T-509-F-6
Holdings
Estatus retirado Estado de pérdida Estado de daño No para préstamo Colección Biblioteca de origen Biblioteca actual Ubicación en estantería Fecha de adquisición Fuente de adquisición Total de préstamos Signatura topográfica completa Código de barras Visto por última vez Precio de reemplazo Tipo de ítem Koha
        Colección de folletos Biblioteca del Ateneo de Madrid Biblioteca del Ateneo de Madrid Depósito folletos 17/01/2008     T-509-F-6 1056076 23/02/2023 23/02/2023 Folleto